[Event "GER Seniors Derby 15th"]
[Site "Wesel Undeloh"]
[Date "2016.04.10"]
[Round "9"]
[White "Bernhard, Thomas"]
[Black "Scheytt, Juergen"]
[Result "1/2-1/2"]
[WhiteElo "1408"]
[BlackElo "1449"]
[PlyCount "52"]
[EventDate "2016.04.06"]
[EventType "swiss"]
[EventRounds "9"]
[EventCountry "GER"]
[SourceTitle "EXT 2019"]
[Source "ChessBase"]
[SourceDate "2018.10.10"]
[SourceVersion "1"]
[SourceVersionDate "2018.10.10"]
[SourceQuality "1"]

1. e4 e5 2. Nf3 Nc6 3. Bb5 d6 4. d4 exd4 5. 0-0 Bd7 6. Bxc6 Bxc6 7. Qxd4 Qf6 8. Qd3 0-0-0 9. Nc3 h6 10. Be3 Kb8 11. Nd4 Bd7 12. Nd5 Qg6 13. Qc3 c5 14. Qa5 b6 15. Nxb6 axb6 16. Qxb6+ Kc8 17. Qa6+ Kc7 18. Qa7+ Kc8 19. Qa6+ Kc7 20. Qa5+ Kc8 21. Nf5 Ne7 22. b4 Nxf5 23. exf5 Bxf5 24. bxc5 Bh3 25. Qa8+ Kd7 26. Qb7+ Ke8 1/2-1/2